000
00326nam a2200133Ia 4500
008
220204s9999 xx 000 0 und d
082
_a
631(540)
_b
ARA
100
_a
ARAKERI, H R
245
0
_a
Indian agriculture
260
_a
New Delhi
_b
Oxford & IBH
_c
1982
650
_a
Agriculture
650
_a
Fertilizer use
942
_c
BK
999
_c
39823
_d
39823